Logika ako veda

Na minha lista:
Detalhes bibliográficos
Autor principal: Hegel, G.W.F
Formato: Livro
Idioma:eslovaco
Publicado em: Bratislava Pravda 1986
Edição:1. vyd.
Colecção:Filozofické odkazy
Tags: Adicionar Tag
Sem tags, seja o primeiro a adicionar uma tag!

MARC

LEADER 00000nam a2200000 4500
001 c023014
005 20250116122123.6
041 0 |a slo 
044 |a SK 
245 1 0 |a Logika ako veda  |c G.W.F. Hegel ; [Z ruš. prel.] Teodor Münz 
250 |a 1. vyd. 
264 1 |a Bratislava  |b Pravda  |c 1986 
300 |a 425 s. 
490 1 |a Filozofické odkazy 
830 0 |a Filozofické odkazy 
100 1 |a Hegel, G.W.F.